Normal view
MARC view
- Ethnic groups
Entry Topical Term
001 - CONTROL NUMBER
- control field: 232695
003 - CONTROL NUMBER IDENTIFIER
- control field: KE-NaSUL
005 - DATE AND TIME OF LATEST TRANSACTION
- control field: 20250826235920.0
008 - FIXED-LENGTH DATA ELEMENTS
- fixed length control field: 250826|| aca||aabn | a|a d
040 ## - CATALOGING SOURCE
- Original cataloging agency: KE-NaSUL
- Transcribing agency: KE-NaSUL
150 ## - HEADING--TOPICAL TERM
- Topical term or geographic name as entry element: Ethnic groups
- General subdivision: Civil rights
670 ## - SOURCE DATA FOUND
- Source citation: Work cat.: (KE-NaSUL)234080: Kymlicka, Will. 139024, Multicultural odysseys, 2007.